Science Quiz

Random Science or Animal Quiz

Space Mammals Quiz Stats

Quiz Updated Mar 25, 2015

Also try: Countries in Space
Challenge
Share
Tweet
Embed
Score 0/9 Timer 02:00
1 Play Today
% Correct
Dog
98.4%
Cat
96%
Monkey
90.2%
Mouse
80.7%
Rat
78.7%
Human
64.9%
Chimpanzee
58.4%
Rabbit
43.7%
Guinea Pig
42.5%

You're not logged in!

Compare scores with friends on all Sporcle quizzes.
Sign Up with Email
OR
Log In

You Might Also Like...

Show Comments

Extras

Top Quizzes Today


Score Distribution

Your Account Isn't Verified!

In order to create a playlist on Sporcle, you need to verify the email address you used during registration. Go to your Sporcle Settings to finish the process.